| 000 | 00740nam a2200229Ia 4500 | ||
|---|---|---|---|
| 003 | GCL | ||
| 008 | 140319s9999 xx 000 0 ara d | ||
| 020 | _a7666086977 | ||
| 040 |
_aGCL / _cGCL |
||
| 082 | 0 | 4 |
_a001.42 _bس م |
| 100 | 1 | _aسمير جاد | |
| 245 | 1 | 0 |
_aمناهج البحث فى عصر المعلومات الالكترونية / _cسمير جاد |
| 700 | 1 | _aمهنى غنايم | |
| 250 | _aالاولى | ||
| 260 |
_aالقاهرة : _bالدار العالمية للنشر والتوزيع ، _c2005 |
||
| 300 |
_a418 ص ؛ _c24 سم |
||
| 650 | 0 | 4 | _aطرق البحث |
| 650 | 0 | 4 | _aالبحوث |
| 650 | 0 | 4 | _aخدمات المعلومات |
| 650 | 0 | 4 | _aالتعليم - طرق البحث |
| 942 |
_2ddc _cBK |
||
| 999 |
_c10121 _d10121 |
||